000 00576nam a2200193 i 4500
001 171796
003 ES-MaACL
005 20230906214732.0
008 090601s1975 sp |||| |bspa d
080 _a929 Alas, Leopoldo
080 _a821.134.2 Alas, Leopoldo 1.06
100 1 _aSolís, Jesús-Andrés.
_9107213
245 1 0 _aVida y obra de "Clarín" /
_cJesús-Andrés Solís.
260 _a[Gijón :
_bEl autor,
_c1975]
300 _a135 p. ;
_c18 cm.
600 1 4 _aAlas, Leopoldo
_d1852-1901
_9226375
852 _aES-MaACL
_jE-10143
999 _c171796
_d171796